People's History of India 4 (Record no. 41768)

MARC details
000 -LEADER
fixed length control field 00490nam a22001697a 4500
008 - FIXED-LENGTH DATA ELEMENTS--GENERAL INFORMATION
fixed length control field 220212b ||||| |||| 00| 0 eng d
020 ## - INTERNATIONAL STANDARD BOOK NUMBER
International Standard Book Number 9789382381730
082 ## - DEWEY DECIMAL CLASSIFICATION NUMBER
Classification number 954
Item number SHP
041 ## - LANGUAGE CODE
Language code of text/sound track or separate title eng
100 ## - MAIN ENTRY--PERSONAL NAME
Personal name Shrimali Krishna Mohan
245 ## - TITLE STATEMENT
Title People's History of India 4
Remainder of title : The Age of Iron and the Religious Revolution c.700 - c.350 BC
Statement of responsibility, etc. By Krishna Mohan Shrimali
250 ## - EDITION STATEMENT
Edition statement 8th
260 ## - PUBLICATION, DISTRIBUTION, ETC.
Place of publication, distribution, etc. New Delhi
Name of publisher, distributor, etc. Tulika Books
Date of publication, distribution, etc. 2021
300 ## - PHYSICAL DESCRIPTION
Extent 160p.
650 ## - SUBJECT ADDED ENTRY--TOPICAL TERM
Topical term or geographic name entry element HISTORY
942 ## - ADDED ENTRY ELEMENTS (KOHA)
Koha item type Books
Holdings
Withdrawn status Lost status Source of classification or shelving scheme Damaged status Not for loan Home library Current library Date acquired Source of acquisition Cost, normal purchase price Total Checkouts Full call number Barcode Date last seen Price effective from Koha item type
    Dewey Decimal Classification     Chaudhary Ranbir Singh University Chaudhary Ranbir Singh University 07.02.2022 Atlantic Publishers & Distributors (P) Ltd. New Delhi 350.00   954 SHP 21077 12.02.2022 12.02.2022 Books


Copyright © 2025 CRSU. All Rights Reserved.